1961 1843 1414 1100 1950 1679 1027 1492 1229 1922 1464 1173 1565 1230 1007 1564 1733 1878 1323 1568 1954 1076 1702 1836 1464 1375 1958 1479 1274 1520 1020 1249 1490 1901 1105 1084 1716 1039 1728 1349 1632 1119 1273 1111 1307 1829 1715 1081 1205 1017 1451 1369 1262 1585 1283 1182 1659 1505 1901 1478 1249 1536 1385 1169 1600 1900 1288 1218 1677 1541 1738 1877 1025 1328 1999 1133 1113 1211 1286 1087 1567 1938 1255 1406 1961 1894 1671 1095 1151 1622 1230 1397 1425 1842 1989 1598 1916 1411 1693 BCNSPRNW ULIB Ver.6.0+V

เปลี่ยนเป็นภาษาไทย

Change to English
 แสดงรายละเอียดบรรณานุกรม
  กลับหน้าหลัก

Brief Record : Get Marc (ISO 2709) : E-mail record : QR code < ปิดหน้าต่าง
LEADER : 00000nam 2200000uu 4500
001    13399110650
003     ULIB
008    110607s2007||||th 000 0 eng d
020    9789741108176
060 04 WS39^bA111a 2007
100 0  Aree Prohmmo
245 10 Adolescent health and development situation in Thailand /^cAree Prohmmo
250    1st ed.
260    Nakhon Pathom :^bInstitute for Population and SocialResearch, Mahidol University,^c2007
300     xi, 94p. :^bill. ;^c26 cm.
490 1  Publication / Institute for Population and Social Research,Mahidol University ;^vno.336
504    Includes bibliographical references
650  2 Adolescent Health Services
650  2 Health
650  2 Health Behavior^xadolescent^zThailand
650  2 Adolescent Development^zThailand
710 2  Mahidol University. ^bInstitute for Population and SocialResearch
830  0 Publication (Mahidol University. Institute for Populationand Social Research;^vno.336
945    ^p0^l0^i023224
995    Tossapron
999 ^a ใช้งานได้ทุกระบบ
รายการนี้ยังไม่มีแท็ก
คุณยังไม่ได้ล็อกอิน คุณสามารถมีกิจกรรมร่วมกับเว็บไซต์ได้ แต่ต้องล็อกอินก่อน ::
  ล็อกอิน

รายการสื่อสารสนเทศ

ลำดับที่ ประเภท เลขเรียก/บาร์โค้ด สถานที่ สถานะ
- ไม่พบข้อมูล -

รายการใกล้เคียง
    หัวเรื่อง [Adolescent Health Services]
    หัวเรื่อง [Health]

BibComment


ยังไม่เคยถูกคอมเมนท์

คอมเมนท์ทรัพยากรรายการนี้
  คอมเมนท์: Adolescent health..


 Copyright 2026. Bcnsprnw @Library